00793nam a2200217 a 450000100090000000300040000900500170001300800410003001000130007102000150008404000180009908200180011713000470013524501590018226000530034130000210039463000300041573000510044573000390049673000400053512176991OSt20181122092125.0840727s1984 miu 000 0 eng  a84051724 a0310904102 aDLCcDLCdWOO0 aREF 220.52190 aBible.lEnglish.sNew International.f198414aThe Comparative study Bible :ba parallel bible presenting the New International Version, New American Standard Bible, Amplified Bible, King James Version aGrand Rapids, Mich., U.S.A. :bZondervan,cc1984 a3103 p. ;c25 cm00aBible.lEnglishxVersions02aBible.lEnglish.sNew American Standard.f198402aBible.lEnglish.sAmplified.f198402aBible.lEnglish.sAuthorized.f1984